Reestructuración productiva, mercado de trabajo y sindicatos en América Latina /
Guardado en:
| Hovedforfatter: | |
|---|---|
| Format: | Texto |
| Udgivet: |
Buenos Aires:
CLACSO. ASDI
|
| Tags: |
Tilføj Tag
Ingen Tags, Vær først til at tagge denne postø!
|
MARC
| LEADER | 00000 a a2200000 04500 | ||
|---|---|---|---|
| 001 | 12219 | ||
| 003 | |||
| 040 | |||
| 090 | |a 142300 | ||
| 100 | |a Garza Toledo, Enrique de la | ||
| 245 | |a Reestructuración productiva, mercado de trabajo y sindicatos en América Latina / |c Enrique de la Garza Toledo | ||
| 260 | |a Buenos Aires: |b CLACSO. ASDI | ||
| 300 | |a 198 p. | ||
| 300 | |b **no definido** |b fonodiscos | ||
| 500 | |a Disponible en Cd, en No. 194104 | ||
| 999 | |c 12205 |d 12205 | ||
